000 00612cam a22001933a 4500
001 38885
003 PGUSA
005 20140828083847.0
008 120215s2012||||xxu|||||s|||||000 | eng d
040 _aPGUSA
_beng
042 _adc
245 1 0 _aTratado de Paz, Amistad, Comercio y navegacion entre la Confederación Argentina y la República del Paraguay
_h[electronic resource] /
_cAnonymous
260 _bProject Gutenberg,
_c2012
506 _aPublic domain in the USA.
516 _aElectronic text
830 0 _aProject Gutenberg
_v38885
856 4 0 _uhttp://www.gutenberg.org/ebooks/38885
942 _cEB
999 _c268139
_d268139